| 000 | 00561nam a22002057a 4500 | ||
|---|---|---|---|
| 003 | OSt | ||
| 005 | 20170130185526.0 | ||
| 008 | 170130b xxu||||| |||| 00| 0 eng d | ||
| 020 | _a0521001838 | ||
| 040 | _cDMLN | ||
| 082 | _aWS100 C46a 2002 | ||
| 100 |
_aGillberg, Christopher _911467 |
||
| 245 | _aA Guide to Asperger Syndrome | ||
| 260 | _aCambridge University Press, 2002 | ||
| 300 | _aix,178p;ill: 25cm | ||
| 504 | _aAppendex, references, & index included | ||
| 650 |
_aAsperger syndrome _911468 |
||
| 650 |
_aPaediatrics _93350 |
||
| 942 |
_2z _cO_SHELF |
||
| 999 |
_c5495 _d5495 |
||